000 00502 a2200181 4500
003 OSt
005 20260307131600.0
008 260307b |||||||| |||| 00| 0 eng d
020 _a9789354829857
040 _coclc
082 _a894.812301
_bJOS/P
100 _aJose, Jissa
_910624
245 _aPUSHPAKAVIMANAM /
_cJisa Jose
250 _a2nd Ed.
260 _aKottayam:
_bD CBooks.
_c2023,
300 _a176 pages
942 _2ddc
_cBK
_h894.812301
_iJOS/P
_k894.812301
_mJOS/P
999 _c44673
_d44673